পদার্থবিজ্ঞান প্রথম পত্র: (Record no. 8309)
[ view plain ]
| 000 -LEADER | |
|---|---|
| fixed length control field | 00753nam a2200217 a 4500 |
| 001 - CONTROL NUMBER | |
| JCCL Control Number | 8309 |
| 003 - CONTROL NUMBER IDENTIFIER | |
| JCCL marc code | BD-JhCC |
| 005 - DATE AND TIME OF LATEST TRANSACTION | |
| control field | 20200205134007.0 |
| 008 - FIXED-LENGTH DATA ELEMENTS--GENERAL INFORMATION | |
| fixed length control field | 180220s2013 bg a|||| ||a| 000 0 ben d |
| 035 ## - SYSTEM CONTROL NUMBER | |
| system control number | (BD-JhCC)8309 |
| 040 ## - CATALOGING SOURCE | |
| Original cataloging agency | BD-JhCC |
| Modifying agency | BD-JhCC |
| 041 ## - LANGUAGE CODE | |
| Language code of Book | ben |
| 082 ## - DEWEY DECIMAL CLASSIFICATION NUMBER | |
| Classification number | 530 |
| Author mark and Year | PHY 2013 |
| 245 ## - TITLE STATEMENT | |
| Title | পদার্থবিজ্ঞান প্রথম পত্র: |
| Remainder of title | একাদশ-দ্বাদশ শ্রেণী / |
| Statement of responsibility, etc | তফাজ্জল হোসেন ...[et.al] |
| 260 ## - PUBLICATION, DISTRIBUTION, ETC. (IMPRINT) | |
| Place of publication, distribution, etc | ঢাকা : |
| Name of publisher, distributor, etc | বংলাদেশ বুক করপোরেশন লিঃ; |
| Date of publication, distribution, etc | 2013. |
| 300 ## - PHYSICAL DESCRIPTION | |
| Pagination | 328 p. : |
| Other physical details | ill; |
| Dimensions | 23 cm. |
| 651 ## - SUBJECT ADDED ENTRY--GEOGRAPHIC NAME | |
| Geographic name | Physics |
| 700 ## - ADDED ENTRY--PERSONAL NAME | |
| Personal name | হোসেন, তফাজ্জল |
| 942 ## - ADDED ENTRY ELEMENTS (KOHA) | |
| Source of classification or shelving scheme | Library of Congress Classification |
| Koha item type | Books |
| Koha issues (borrowed), all copies | 4 |
| Source of classification or shelving scheme | Damaged status | Not for loan | Home library | Current library | Shelving location | Date of accession | Cost, normal purchase price | Total Checkouts | Full call number | Barcode | Date last seen | Date checked out | Copy number | Koha item type |
|---|---|---|---|---|---|---|---|---|---|---|---|---|---|---|
| Dewey Decimal Classification | JCC Rouf Library | JCC Rouf Library | General Stacks | 05/29/2024 | 133.00 | 2 | 530 PHY 2013 | 10890 | 06/03/2024 | 05/29/2024 | C-1 | Books | ||
| Dewey Decimal Classification | JCC Rouf Library | JCC Rouf Library | General Stacks | 133.00 | 1 | 530 PHY 2013 | 10889 | 02/11/2020 | 02/04/2020 | C-2 | Books | |||
| Dewey Decimal Classification | JCC Rouf Library | JCC Rouf Library | General Stacks | 119.00 | 530 PHY 1998 | 10838 | 02/20/2018 | C-3 | Books |